000 00427nam a22001697a 4500
999 _c7536
_d7534
005 20210306155052.0
008 210306b ||||| |||| 00| 0 eng d
020 _a978-0-19-879658-9
041 _aeng
082 _a615.19
100 _aPATRICK, GRAHAM
_96470
245 _aAN INTRODUCTION TO MEDICINAL CHEMISTRY
260 _aNEW YORK
_bOXFORD UNIVERSITY PRESS
300 _a778,p
650 _aPHARMACY
_96471
942 _cBK